| 000 | 00625nam a2200169 4500 | ||
|---|---|---|---|
| 003 | CO-ViMGA | ||
| 008 | 160412b xxu||||| |||| 00| 0 eng d | ||
| 020 | _a9789585866270 | ||
| 040 |
_aCO-ViMGA _bspa _cCO-ViMGA |
||
| 082 | 0 | 4 |
_aCo861.5 _bR49t4 |
| 100 | 1 |
_aRivera, José Eustasio _93021 |
|
| 245 | 1 | 0 |
_aTierra de promisión : Homenaje a la memoria literaria de José Eustasio Rivera _b Homenaje a la memoria literaria de José Eustasio Rivera / _cJosé Eustasio Rivera |
| 260 |
_aVillavicencio, Meta : _bCorporación Universitaria del Meta, _c2015 |
||
| 300 | _a124 p. | ||
| 650 | 1 | 4 |
_aPoesía colombiana _9163 |
| 942 |
_2ddc _cBK |
||
| 999 |
_c35405 _d35405 |
||